000 00632cam a22002173a 4500
001 37182
003 PGUSA
005 20140828083821.0
008 110823s2011||||xxu|||||s|||||000 | eng d
040 _aPGUSA
_beng
042 _adc
100 1 _aGrable, F. C.
245 1 0 _aColorado—The Bright Romance of American History
_h[electronic resource] /
_cF. C. Grable
260 _bProject Gutenberg,
_c2011
506 _aPublic domain in the USA.
516 _aElectronic text
700 1 _aTrue, Allen Tupper,
_d1881-1955
830 0 _aProject Gutenberg
_v37182
856 4 0 _uhttp://www.gutenberg.org/ebooks/37182
942 _cEB
999 _c266436
_d266436